000 00539cam a2200145K 4500
082 0 4 _a359.009
_bMAY
_cD
100 1 _aMay, E. S.
_949730
245 1 0 _aPrinciples and problems of imperial defence
_cby Lieut.-Col. Edward S. May ...
260 _aLondon,
_bS. Sonnenschein & Co.;
_aNew York,
_bE.P. Dutton & Co.,
_c1903.
300 _a1 online resource (xx, 332 p.)
_b4 fold. maps.
526 _a0
_b0
_c0
_d359_009000000000000_MAY
650 _aMCE
_9379
856 4 0 _uhttp://catalog.hathitrust.org/api/volumes/oclc/3506877.html
942 _2ddc
_cBK
999 _c552505
_d552505